A nagybeteg Görgey most kilencvenhét éves

Elmentve itt :
Bibliográfiai részletek
Dokumentumtípus: Cikk
Megjelent: 1914-06-11
Sorozat:Délmagyarország 3 No. 134
Kulcsszavak:Görgei Artúr, Honvédelem
Online Access:http://dmarchiv.bibl.u-szeged.hu/56594
LEADER 00430nab a2200145 i 4500
001 delm56594
005 20180927141950.0
008 180927s1914 hu o 0|| hun d
040 |a SZTE Délmagyarország Archívum  |b hun 
041 |a hun 
245 0 2 |a A nagybeteg Görgey   |h [elektronikus dokumentum] :  |b most kilencvenhét éves 
260 |c 1914-06-11 
300 |a 6 
490 0 |a Délmagyarország  |v 3 No. 134 
695 |a Görgei Artúr, Honvédelem